Este es mi pueblo /

Guardado en:
Autor Principal: Einstein, Albert
Formato: Libro
Publicado: Buenos Aires : Leviatan, 1982
Materias:
Etiquetas: Agregar Etiqueta
Sin Etiquetas, Sea el primero en etiquetar este registro!
LEADER 00450nam a22001695a 4500
001 CEM.cems002230
005 20060216000000.0
008 130507s1982##################000#0#####d
003 CEMS
082 0 4 |a 956.94 
100 1 |a Einstein, Albert 
245 1 0 |a Este es mi pueblo / 
260 |a Buenos Aires :  |b Leviatan,  |c 1982 
300 |a 142 p. 
653 |a Einstein-judaismo 
653 |a Historia 
859 |a CEMS  |b BIB. CEMS - 11 de abril  |h 956.94  |i Ei89  |p 14386.86  |t Ej.1